000 01299nam a22002897a 4500
005 20180803165502.0
008 120125s2009 ck ad r 000 0 spa d
020 _a9789588343402
040 _aCO-BoIAVH
_cCO-BoIAVH
041 0 _aspa
044 _ack
082 0 4 _a333.714
_bR57l
100 1 _aRincón-Bermúdez, Sofía
245 1 0 _aLineamientos guía para la evaluación de criterios de biodiversidad en los estudios ambientales requeridos para el licenciamiento ambiental :
_bbiodiversidad y estudios de impacto ambiental -elementos para evaluadores-
_cSofía Rincón Bermúdez
260 _aBogotá
_bInstituto de Investigación de Recursos Biológicos Alexander von Humboldt
_bUniversidad Nacional de Colombia
_c2009.
300 _a124 páginas :
_bilustraciones, diagramas y tablas ;
_c24 cm.
504 _aIncluye referencias bibliográficas (p. 87-100).
650 1 4 _aEvaluación del impacto ambiental
650 2 4 _aInvestigación ambiental
650 2 4 _aDiversidad biológica
650 2 4 _aImpacto ambiental
650 2 4 _aBiodiversidad
_vGuía
_xEvaluación
650 2 4 _aMedio Ambiente
_vGuía
_xEvaluación
700 1 _aToro-Calderón, José Javier
_d1968-
700 1 _aBurgos-Salcedo, Javier
942 _2ddc
_cLIBRO
999 _c7656
_d7656